01005nam a2200229 a 450000100060000000300090000600500170001500800410003201500210007302000180009404000280011208200180014024501840015825000470034226000470038930000330043649000400046950001500050950400390065965000440069870000330074226156CO-ViMGA20230915224406.0141112s2004 ck r 000 u spa d ack - 2012 - xxxx a9789582422868 aCO-ViMGAbspacCO-ViMGA a510.7 R55m 1010aLos caminos del saber : bmatemáticas 10 / cJuan de Jesús Romero Roa ... [et al.] ; ilustradores Diomedes Guilombo Ramírez ... [et al.] ; fotógrafo Tulio Pizano Arroyave. aEditora Diana Constanza Salgado Ramírez. aBogotá : bEditorial Santillana, c2012. a336 p. : il., fot. ; 28 cm. aLos caminos del saber matemáticas aTexto para la enseñanza del área de formación de matemáticas para el grado décimo de educación básica secundaria. Edición alumno. aIncluye bibliografía e índice.14aMatemáticas - Enseñanza secundaria.1 aRomero Roa, Juan de Jesús.